000 00539nam a2200217Ia 4500
003 OSt
005 20250123160040.0
008 241228s9999 xx 000 0 und d
020 _a9780367456412
040 _cKUDSIT
082 _a 658.872 FER/D
100 _aFeroz, A Karim
245 0 _aDigital analytics for marketing
250 _a2
260 _aNew York,
_bRoutledge,
_c2024
300 _axii, 307p.
500 _aSupplied by Modern Book Centre, TVPM
600 _2Kahan, Gohar F
650 _2Marketing
942 _cBK
_2ddc
999 _c40137
_d40137